| 000 | 00688cab a2200217 4500 | ||
|---|---|---|---|
| 001 | WB3141-28 | ||
| 008 | 090401t1995 xxu||||| |||| 00| 0 eng d | ||
| 035 | _a(Sirsi) u14970 | ||
| 041 | _aeng | ||
| 245 | _aHousing quality index established | ||
| 260 | _c1995 | ||
| 350 | _a0 | ||
| 490 |
_aEstates Gazette _v(9543) 28 October 1995, 73(1) |
||
| 520 | _aSummarises system outlined in an RIBA research paper "Housing value assessment" for measuring housing quality, a response to the DoE white paper "Our future homes". | ||
| 650 | _aHOUSING QUALITY | ||
| 650 | _aHOUSING STANDARDS | ||
| 650 | _aHOUSING VALUE ASSESSMENT | ||
| 690 | _aHOUSING | ||
| 942 | _n0 | ||
| 948 | _c04/03/1997 | ||
| 999 |
_c9775 _d9775 |
||